• 首页
  • 本馆介绍
  • 公告通知
  • 最新文献
  • 馆藏检索
  • 电子资源
  • 读者导购
  • 参考咨询
  • 我的图书馆
  • 登录
  • 详细信息显示
  • 放入我的书架
  • 预约/预借图书
  • 作者相关作品
  • 分类相关作品
  • 丛书相关作品
  • 出版社相关作品

书目信息

  • 表格格式
  • 工作单格式
  • 卡片格式
题名:
计算机应用基础
    
 
作者: 赵帮华 , 汤东 主编
分册:  
出版信息: 北京   化学工业出版社  2020.01
页数: 232页
开本: 26cm
丛书名:
单 册:
中图分类: TP316.7 , TP316.86
科图分类:
主题词: 计算机科学--ji suan ji ke xue , 办公自动化--ban gong zi dong hua--应用软件
电子资源:
ISBN: 978-7-122-33571-5
000 01156nam0 2200289 450
001 0109110135
005 20201109110336.0
010    @a978-7-122-33571-5@dCNY42.00
100    @a20190406d2020 em y0chiy50 ea
101 0  @achi
102    @aCN@b110000
105    @aa z 000yy
106    @ar
200 1  @a计算机应用基础@Aji suan ji ying yong ji chu@eWindows 7+Office 2010@f赵帮华, 汤东主编
210    @a北京@c化学工业出版社@d2020.01
215    @a232页@c图@d26cm
330    @a本书内容包括计算机基础知识、计算机网络基础及应用、Windows7操作系统及其操作、Word2010的使用、Excel2010的使用和PowerPoint2010的使用等,实训侧重于Windows7操作系统、Word、Excel、PowerPoint三个部分的实际应用,并配套习题教材进行了知识扩展,使教材内容更加完善。
517 1  @aWindows 7+Office 2010@AWindows 7+Office 2010
606 0  @a计算机科学@Aji suan ji ke xue
606 0  @a办公自动化@Aban gong zi dong hua@x应用软件
610 0  @aWindows 7@AOffice@AWindows 7@aOffice
690    @aTP316.7@v5
690    @aTP316.86@v5
701  0 @a赵帮华@Azhao bang hua@4主编
701  0 @a汤东@Atang dong@4主编
801  0 @aCN@bBJSZM@c20201103
905    @b1213538-9@dTP316.7@e1005@f2
    
    计算机应用基础:Windows 7+Office 2010/赵帮华, 汤东主编.-北京:化学工业出版社,2020.01
    232页:图;26cm
    
    
    ISBN 978-7-122-33571-5:CNY42.00
    本书内容包括计算机基础知识、计算机网络基础及应用、Windows7操作系统及其操作、Word2010的使用、Excel2010的使用和PowerPoint2010的使用等,实训侧重于Windows7操作系统、Word、Excel、PowerPoint三个部分的实际应用,并配套习题教材进行了知识扩展,使教材内容更加完善。
●
相关链接 在E读中查询图书 在五车中查询图书 在当当中查询图书 在豆瓣中查询图书


正题名:计算机应用基础     索取号:TP316.7/1005         预约/预借

序号 登录号 条形码 馆藏地/架位号 状态 备注
1 1213538   212135385   第二样本阅览室/ [索取号:TP316.7/1005] 在馆    
2 1213539   212135394   第三借阅区/ [索取号:TP316.7/1005] 在馆    
唐山师范学院图书馆 欢迎您!
大连网信软件有限公司© 版权所有